930->Katowice Sądowa - Statystyki

Ogólne statystyki
  • Ten quiz został rozwiązany 5 razy
  • Średni wynik to 15 z 22
Statystyki odpowiedzi
Miasto Przystanek % Poprawnych
Katowice Katowice Dworzec
100%
Katowice Katowice Sądowa
100%
Katowice Katowice Strefa Kultury
80%
Katowice Nikiszowiec Kościół
80%
Katowice Nikiszowiec Szpital
80%
Katowice Nowy Nikiszowiec
80%
Katowice Janów Leśnego Potoku
60%
Katowice Janów Lwowska Szkoła
60%
Katowice Janów Oswobodzenia Cmentarna
60%
Katowice Janów Zamkowa
60%
Katowice Janów Zamkowa Skwer
60%
Katowice Katowice Aleja Korfantego
60%
Katowice Katowice Cmentarz Komunalny
60%
Katowice Katowice Mickiewicza
60%
Katowice Katowice Porcelanowa
60%
Katowice Katowice Strefa Kultury NOSPR
60%
Katowice Kolonia Amandy
60%
Katowice Wilhelmina Krakowska
60%
Katowice Wilhelmina Skrzyżowanie
60%
Katowice Wilhelmina Zespół Szkół
60%
Katowice Zawodzie Centrum Przesiadkowe
60%
Katowice Zawodzie Waleriana
60%
Nie znaleziono quizów pasujących do podanych kryteriów
Rozkład punktacji
Procent ludzi z każdym wynikiem
Percentyl według liczby udzielonych odpowiedzi
Twoja historia wyników
Nie rozwiązałeś tego quizu